Merging Paths = Caminos cruzados : Mandarin Oriental Riviera Maya, México /

Sábháilte in:
Sonraí bibleagrafaíochta
Príomhchruthaitheoir: Amor, Pablo (coordinación)
Formáid: LEABHAR
Teanga:Spáinnis
Foilsithe / Cruthaithe: México : Desarrollos Marinos del Caribe, 2009, c2009
Clibeanna: Cuir clib leis
Níl clibeanna ann, Bí ar an gcéad duine le clib a chur leis an taifead seo!

MARC

LEADER 00000nam^a2200000^a^4500
001 000430403
005 20250526000000.0
009 20260310122921.836
020 |a 978-607-7528-005 
037 |a Acervo ITESO - Biblioteca 
041 |a ESP 
091 |a FHM. 04969 
100 |a Amor, Pablo  |e (coordinación) 
245 1 0 |a Merging Paths =  |b Caminos cruzados : Mandarin Oriental Riviera Maya, México / 
264 4 |a México :  |b Desarrollos Marinos del Caribe,  |c 2009, c2009 
300 |a 245 p. ;  |c 32.5 cm. 
336 |a texto  |b txt  |2 rdacontenido 
337 |a sin mediación  |b n  |2 rdamedio 
338 |a volumen  |b nc  |2 rdasoporte 
649 |a XX 
910 |a Fondo Hugo B. Margáin 
920 |a Impresos - Libros 
930 |a Libros Antiguos y Raros 
905 |a 126 
901 |a 0500301833  |b IT2  |c LRA  |i D116089  |u 20250526 
902 |a https://opac.biblio.iteso.mx/vufind/Record/000430403